| 000 | 00728nam a2200289Ia 4500 | ||
|---|---|---|---|
| 008 | 171025s9999 xx 000 0 und d | ||
| 020 | _a9781455523948 | ||
| 050 | _a796.32 | ||
| 050 | _bD151 2012 | ||
| 100 | _aDalrymple, Timothy | ||
| 245 | _aJeremy Lin : | ||
| 245 | _bthe reason for the linsanity / | ||
| 245 | _cby Timothy Dalrymple. | ||
| 260 | _aNew York : | ||
| 260 | _bCenter Street, | ||
| 260 | _c2012 | ||
| 300 | _axix, 185 pages : | ||
| 300 | _billustrations ; | ||
| 300 | _c20cm. | ||
| 650 | _aBasketball players -- | ||
| 650 | _aChinese Americans -- | ||
| 650 | _aLin, Jeremy, -- | ||
| 650 | _x1988- | ||
| 650 | _xBiography. | ||
| 650 | _xUnited States -- Biography. | ||
| 700 | _aTitle. | ||
| 999 |
_c344898 _d344898 |
||